000 00922cam a2200313 4500
001 ABS63962
008 000000n2001 000 0 eng u
035 _a(Sirsi) u112747
245 _aRegional survey: Oxon, Warks & Worcs
260 _c2001
490 _aProperty Week
_v66(19) 11 May 2001, 57-82(8)
590 _aABS
650 _aPROPERTY-COMMERCIAL PROPERTY-RETAIL PROPERTY-RETAIL PROPERTY MARKET
650 _aINDUSTRIAL MARKET
650 _aREGENERATION
650 _aPROPERTY-COMMERCIAL PROPERTY-OFFICE PROPERTY-OFFICE PROPERTY MARKET
650 _aPLANNING ISSUES
650 _aRAIL LINK
650 _aWARWICKSHIRE
650 _aWORCESTERSHIRE
650 _aOXFORDSHIRE
650 _aOXFORD
650 _aWARWICK
650 _aWORCESTER
650 _aLEAMINGTON SPA
650 _aSTRATFORD-UPON-AVON
690 _aPROPERTY-COMMERCIAL PROPERTY-COMMERCIAL PROPERTY MARKET
942 _n0
999 _c67132
_d67132